[Event "EU-chT (Men) 19th"]
[Site "Warsaw"]
[Date "2013.11.09"]
[Round "2.1"]
[White "Glud, Jakob Vang"]
[Black "Michiels, Bart"]
[Result "0-1"]
[WhiteElo "2526"]
[BlackElo "2506"]
[PlyCount "156"]
[EventDate "2013.11.08"]
[EventType "team-swiss"]
[EventRounds "9"]
[EventCountry "POL"]
[SourceTitle "CBM 158"]
[Source "ChessBase"]
[SourceDate "2014.01.16"]
[SourceVersion "1"]
[SourceVersionDate "2014.01.16"]
[SourceQuality "1"]
[WhiteTeam "Denmark"]
[BlackTeam "Belgium"]
[WhiteTeamCountry "DEN"]
[BlackTeamCountry "BEL"]

1. c4 c6 2. d4 d5 3. cxd5 cxd5 4. Bf4 Nf6 5. e3 Nc6 6. Nc3 a6 7. Bd3 Bg4 8.
Nge2 e6 9. O-O Bd6 10. f3 Bh5 11. Rc1 O-O 12. Na4 Bg6 13. Nc5 Bxc5 14. dxc5 Nd7
15. Bxg6 hxg6 16. a3 Nde5 17. b4 Nc4 18. Qd3 Qf6 19. e4 Rad8 20. exd5 exd5 21.
Bc7 Rde8 22. Rfe1 Re3 23. Qxd5 Nxa3 24. Qd2 Rfe8 25. Bg3 g5 26. Bf2 R3e7 27. h3
Nb5 28. Ng3 Rd8 29. Qa2 Nxb4 30. Qa5 Nc6 31. Qb6 Rde8 32. Rxe7 Rxe7 33. Ne4 Qb2
34. Rd1 f6 35. Nd6 Qb3 36. Rf1 Nbd4 37. Bxd4 Qxb6 38. cxb6 Nxd4 39. Rd1 Nc6 40.
Rc1 Kf8 41. Kf2 Rd7 42. Ne4 Rd5 43. Nc5 Na5 44. Kg3 Ke7 45. Kg4 g6 46. Re1+ Kf7
47. Rc1 Ke7 48. Re1+ Kf8 49. Rc1 Rd6 50. Rb1 Ke7 51. Re1+ Kf7 52. Rb1 Nc4 53.
h4 Rxb6 54. Rxb6 Nxb6 55. hxg5 a5 56. Nxb7 f5+ 57. Kf4 Nc4 58. Nc5 Ke7 59. g4
fxg4 60. Kxg4 Kd6 61. Na4 Ke5 62. f4+ Kd4 63. Kf3 Nd6 64. Kf2 Ke4 65. Kg3 Nf5+
66. Kg4 Ne3+ 67. Kg3 Nd5 68. Nc5+ Kf5 69. Nb7 a4 70. Nd6+ Ke6 71. Nc4 Ne7 72.
Kf3 Nf5 73. Kg4 Nd6 74. Na3 Kd5 75. Kf3 Kd4 76. Nb1 Kd3 77. Na3 Kc3 78. Ke3 Kb2
0-1

[Event "EU-chT (Men) 19th"]
[Site "Warsaw"]
[Date "2013.11.09"]
[Round "2.2"]
[White "Ringoir, Tanguy"]
[Black "Palo, Davor"]
[Result "1/2-1/2"]
[WhiteElo "2514"]
[BlackElo "2553"]
[PlyCount "45"]
[EventDate "2013.11.08"]
[EventType "team-swiss"]
[EventRounds "9"]
[EventCountry "POL"]
[SourceTitle "CBM 158"]
[Source "ChessBase"]
[SourceDate "2014.01.16"]
[SourceVersion "1"]
[SourceVersionDate "2014.01.16"]
[SourceQuality "1"]
[WhiteTeam "Belgium"]
[BlackTeam "Denmark"]
[WhiteTeamCountry "BEL"]
[BlackTeamCountry "DEN"]

1. d4 Nf6 2. c4 e6 3. Nc3 Bb4 4. e3 O-O 5. Nge2 Re8 6. a3 Bf8 7. Ng3 d5 8. Be2
b6 9. O-O Ba6 10. b3 Nc6 11. cxd5 Bxe2 12. Ncxe2 exd5 13. Bb2 Qd7 14. Nf4 Bd6
15. Nd3 Ne4 16. Rc1 Ne7 17. Ne5 Qe6 18. Qd3 f6 19. Nf3 Qg4 20. Ne5 Qe6 21. Nf3
Qg4 22. Ne5 Qe6 23. Nf3 1/2-1/2

[Event "EU-chT (Men) 19th"]
[Site "Warsaw"]
[Date "2013.11.17"]
[Round "9.2"]
[White "Varley, Peter"]
[Black "Palo, Davor"]
[Result "0-1"]
[WhiteElo "2251"]
[BlackElo "2553"]
[PlyCount "86"]
[EventDate "2013.11.08"]
[EventType "team-swiss"]
[EventRounds "9"]
[EventCountry "POL"]
[SourceTitle "CBM 158"]
[Source "ChessBase"]
[SourceDate "2014.01.16"]
[SourceVersion "1"]
[SourceVersionDate "2014.01.16"]
[SourceQuality "1"]
[WhiteTeam "Wales"]
[BlackTeam "Denmark"]
[WhiteTeamCountry "WLS"]
[BlackTeamCountry "DEN"]

1. d4 Nf6 2. c4 e6 3. Nc3 Bb4 4. e3 O-O 5. Bd3 b6 6. Nge2 Bb7 7. O-O d5 8. cxd5
exd5 9. Ng3 Re8 10. Qa4 Bf8 11. b4 c6 12. Rb1 a5 13. b5 c5 14. dxc5 Bxc5 15.
Nce2 Nbd7 16. Nd4 Ne5 17. Be2 Rc8 18. Bb2 g6 19. Rbd1 Qe7 20. Ba1 Ne4 21. Nxe4
dxe4 22. Qb3 Qg5 23. Nc6 Nxc6 24. bxc6 Bxc6 25. Bc4 Kf8 26. Qc3 f6 27. Qxf6+
Qxf6 28. Bxf6 Ba4 29. Rb1 Bc2 30. Rbc1 Bd3 31. Bxd3 exd3 32. Rcd1 Re6 33. Bg5
Rd6 34. Bf4 Rd7 35. f3 Bb4 36. Rf2 Rc2 37. Kf1 a4 38. e4 d2 39. a3 Bxa3 40.
Bxd2 Ke8 41. Ke1 Bb2 42. Be3 Bc3+ 43. Bd2 a3 0-1